Innovation and entrepreneurship in health

Detalles Bibliográficos
Formato: Electrónico Revista
Lenguaje:inglés
Publicado: [Auckland] : Dovepress, [2014]-
Materias:
Acceso en línea:Full text available from Research Library: 01/01/2014 to present

MARC

LEADER 00000nas a2200000 i 4500
001 ssj0001997356
003 WaSeSS
005 20200512172242.0
006 m d
007 cr n
008 130821c20149999nz an p s 0 a0eng
022 |a 2324-5905  |l 2324-5905 
035 |a (WaSeSS)ssj0001997356 
040 |a DNLM  |c DNLM  |d WaSeSS 
042 |a nznb 
082 0 4 |a 362.1068  |2 23 
210 1 |a Innov. entrep. health 
222 0 |a Innovation and entrepreneurship in health 
245 0 0 |a Innovation and entrepreneurship in health  |h [electronic resource]. 
246 1 |i Title in HTML header:  |a Journal of innovation and entrepreneurship in health 
260 |a [Auckland] :  |b Dovepress,  |c [2014]- 
310 |a Annual 
347 |a text file  |b PDF  |2 rda 
362 1 |a Began with 2014:1. 
506 |a License restrictions may limit access. 
515 |a Articles added irregularly during the year and collected into annual issues. 
588 |a Description based on: 2014:1; title from PDF caption (viewed on July 10, 2014). 
588 |a Latest issue consulted: 2014:1 (viewed on July 10, 2014). 
655 0 |a Electronic journals. 
856 4 0 |z Full text available from Research Library: 01/01/2014 to present  |u https://search.proquest.com/publication/3933156 
950 0 |a Health services administration  |v Periodicals. 
950 0 |a Entrepreneurship  |v Periodicals. 
950 7 |a Entrepreneurship.  |2 fast  |0 (OCoLC)fst00912787 
950 7 |a Health services administration.  |2 fast  |0 (OCoLC)fst00953286 
950 7 |a Periodicals.  |2 fast  |0 (OCoLC)fst01411641